Statistics for EXTREME European Capitals Quiz

Click here to take the quiz!

General Stats

  • This quiz has been taken 267 times
    (266 since last reset)
  • The average score is 54 of 66

Answer Stats

CountryCapital% Correct
The NetherlandsAmsterdam
99%
GreeceAthens
99%
GermanyBerlin
98%
BelgiumBrussels
97%
HungaryBudapest
97%
IrelandDublin
97%
MonacoMonaco
97%
RussiaMoscow
97%
ItalyRome
97%
RomaniaBucharest
96%
PortugalLisbon
96%
SpainMadrid
96%
NorwayOslo
96%
FranceParis
96%
Czech RepublicPrague
96%
PolandWarsaw
96%
TurkeyAnkara
95%
SwitzerlandBern
95%
DenmarkCopenhagen
95%
FinlandHelsinki
95%
UkraineKiev
95%
England (UK)London
95%
LuxembourgLuxembourg
95%
SwedenStockholm
95%
AustriaVienna
95%
San MarinoCity of San Marino
94%
BelarusMinsk
94%
LatviaRiga
94%
The VaticanVatican City
94%
BulgariaSofia
93%
EstoniaTallinn
93%
Bosnia & HerzegovinaSarajevo
92%
CroatiaZagreb
92%
SerbiaBelgrade
91%
AndorraAndorra la Vella
90%
Northern Ireland (UK)Belfast
89%
Scotland (UK)Edinburgh
89%
AlbaniaTirana
89%
LithuaniaVilnius
89%
SlovakiaBratislava
88%
LiechtensteinVaduz
88%
CyprusNicosia
87%
IcelandReykjavik
87%
Malta (It.)Valletta
87%
MoldovaChisinau
86%
Wales (UK)Cardiff
85%
KosovoPristina
85%
SloveniaLjubljana
84%
MacedoniaSkopje
84%
MontenegroPodgorica
82%
AzerbaijanBaku
78%
GeorgiaTbilisi
78%
Sicily (It.)Palermo
73%
ArmeniaYerevan
72%
Greenland (Den.)Nuuk
64%
Majorca (Sp.)Palma
62%
Canary Islands (Sp.)Las Palmas/Santa Cruz de Tenerife
55%
Corsica (Fr.)Ajaccio
52%
Crete (Gre.)Heraklion
48%
Sardinia (It.)Cagliari
46%
Ibiza (Sp.)Ibiza Town
43%
Madeira (Port.)Funchal
42%
Faroe Islands (Den.)Tórshavn
33%
Svalbard (Nor.)Longyearbyen
25%
Gotland (Swe.)Visby
25%
Euboea (Gre.)Chalcis
7%

Score Distribution

Percentile by Number Answered

Percent of People with Each Score

Your Score History

You have not taken this quiz since the last reset